000 00387pab a2200145 454500
008 180718b2004 xxu||||| |||| 00| 0 eng d
100 _aDoing, Park
245 _a`Lab Hands' and the `Scarlet O': epistemic politics and (scientific) labor
260 _c2004
300 _ap.299-323.
362 _aJun
650 _aEpistemelogy
773 _aSocial Studies of Science
909 _a61408
999 _c61408
_d61408